| 000 | 00000nam 2200000za 4500 |
| 001 | 9.825823 |
| 003 | CaOODSP |
| 005 | 20230113093637 |
| 007 | cr ||||||||||| |
| 008 | 161012s2004 oncaeb|fo||||f000 0 eng d |
| 020 | |qpaper : |z0-660-19318-3 |
| 040 | |aCaOODSP|beng |
| 043 | |an-cn--- |
| 086 | 1 |aNH15-424/2004E-PDF|zNH15-424/2004E |
| 245 | 00|aExterior insulaltion and finish systems |h[electronic resource]. |
| 246 | 17|iRunning title: |aExterior insulation and finish systems (IEFS) |
| 260 | |a[Ottawa] : |bCanada Mortgage and Housing, |cc2004 |
| 300 | |a1 v. (various pagings) : |bill. |
| 490 | 1 |aBest practice guide, building technology |
| 500 | |aCover title. |
| 504 | |aIncludes bibliographic references. |
| 510 | 0 |aCanadian cataloguing in publication data printed in this publication. |
| 520 | 0 |aThis guide is one in a series of Best Practice Guides. It provides technical information on how to improve exterior insulation and finish systems. Chapters cover system selection, cladding design, and retrofits. A chapter entitled Details summarizes the construction sequence for window heads, windowsills, balcony interfaces, wall exhaust, expansion joints, roof parapets, and other building junctions. Includes a glossary, technical appendix, inspector’s checklist, colour specifications for field-applied and prefabricated exterior insulation and finish panel systems, references, and numerous illustrations. |
| 530 | |aIssued also in print. |
| 692 | 07|2gccst|aConstruction industry |
| 692 | 07|2gccst|aHousing |
| 692 | 07|2gccst|aInsulation |
| 710 | 2 |aCanada Mortgage and Housing Corporation. |
| 775 | 08|tSystèmes d'isolation des façades avec enduit.|w(CaOODSP)9.919108 |
| 776 | 0#|tExterior insulation and finish systems : |w(CaOODSP)9.649303 |
| 830 | #0|aBest practice guide, building technology.|w(CaOODSP)9.825759 |
| 856 | 40|qPDF|s1.21 MB|uhttps://publications.gc.ca/collections/collection_2016/schl-cmhc/NH15-424-2004-eng.pdf |